The double-cross system : in the war of 1939 to 1945 /

Hlavní autor: Masterman, J. C. 1891-1977
Jazyk: Angličtina
Vydáno: Canberra : Australian National University Press, 1972
Témata:
Fyzický popis: xxi, 203 s. ; 21 cm
Knihy
Uloženo v:
LEADER 00878nam a2200241 a 4500
001 000570260
003 CZ BrMZK
005 20080702095844.0
007 ta
008 010907s1972 at eng d
020 |a 0-7081-0459-2 
040 |a BOA001  |b cze 
080 |a 94(100)"1939/1945"  |2 MRF 
100 1 |a Masterman, J. C.  |q (John Cecil),  |d 1891-1977  |7 jn19990005472  |4 aut 
245 1 4 |a The double-cross system :  |b in the war of 1939 to 1945 /  |c by J.C. Masterman 
260 |a Canberra :  |b Australian National University Press,  |c 1972 
300 |a xxi, 203 s. ;  |c 21 cm 
541 |a Australie, French Forest, St. Berton - RNDr. E. Slánský 
653 0 |a světová válka 2. 
910 |a BOA001  |b 2-1089.915 
964 |a Válka světová 2.  |x rozbory  |z r.1939-1945 
990 |a BK 
996 7 |b 2610141930  |c 2-1089.915  |l MZK  |r Sklad / do 1 hodiny  |n 0  |p dar  |w 000570260  |u 000010  |a 1  |e BOA001  |j MZK50  |s A